История Балкан (Запись № 4505260)

Подробности
000 -МАРКЕР
контрольное поле 01783nam0a2200349 4500
001 - ИДЕНТИФИКАТОР ЗАПИСИ
контрольное поле RU\NLR\bibl\2033534
005 - ИДЕНТИФИКАТОР ВЕРСИИ
контрольное поле 20260407133728.0
010 ## - МЕЖДУНАРОДНЫЙ СТАНДАРТНЫЙ НОМЕР КНИГИ (ISBN)
Номер (ISBN) 978-5-396-00474-0
021 ## - НОМЕР ГОСУДАРСТВЕННОЙ РЕГИСТРАЦИИ
Код страны Российская Федерация
Номер 2013-31366
Номер Листа государственной регистраци 2158
035 ## - ДРУГИЕ СИСТЕМНЫЕ НОМЕРА
Идентификатор записи (NLR Aleph) 002021170
100 ## - ДАННЫЕ ОБЩЕЙ ОБРАБОТКИ
Данные общей обработки 20130516d2013 |||y0rusy50 ca
101 0# - ЯЗЫК РЕСУРСА
Язык текста, звукозаписи и т.д. русский
102 ## - СТРАНА ПУБЛИКАЦИИ ИЛИ ПРОИЗВОДСТВА
Страна публикации Российская Федерация
105 ## - ПОЛЕ КОДИРОВАННЫХ ДАННЫХ: ТЕКСТОВЫЕ МАТЕРИАЛЫ, МОНОГРАФИЧЕСКИЕ
Кодированные данные о монографическом текстовом документе y |||||||||
200 1# - ЗАГЛАВИЕ И СВЕДЕНИЯ ОБ ОТВЕТСТВЕННОСТИ
Основное заглавие История Балкан
Наименование части Судьбоносное двадцатилетие (1856-1878 гг.)
Первые сведения об ответственности [В.Н. Виноградов, И.Ф. Макарова, Г.Л. Арш и др.]
Последующие сведения об ответственности отв. ред. д.ист.н. В.Н. Виноградов
-- Учреждение Рос. акад. наук Ин-т славяноведения РАН
210 ## - ПУБЛИКАЦИЯ, РАСПРОСТРАНЕНИЕ И ДР.
Место издания, распространения и т.д. Москва
Имя издателя, распространителя и т. д. URSS
-- КРАСАНД
Дата издания, распространения и т.д. 2013
215 ## - ФИЗИЧЕСКАЯ ХАРАКТЕРИСТИКА
Специфическое обозначение материала и объем 331 с.
Размеры 25
300 ## - ОБЩИЕ ПРИМЕЧАНИЯ
Текст примечания Авт. указаны в оглавлении
320 ## - ПРИМЕЧАНИЯ О НАЛИЧИИ В ДОКУМЕНТЕ БИБЛИОГРАФИИ / УКАЗАТЕЛЯ
Текст примечания Библиогр. в подстроч. примеч.
607 ## - ГЕОГРАФИЧЕСКОЕ НАИМЕНОВАНИЕ КАК ПРЕДМЕТ
Географическое наименование Балканские страны
Формальный подзаголовок Сборники
Тематический подзаголовок История
Хронологический подзаголовок 19 в.
Системный номер авторитетной/нормативной записи 2110812
Идентификатор авторитетной/нормативной записи RU\NLR\auth\661579193
686 ## - ИНДЕКСЫ ДРУГИХ КЛАССИФИКАЦИЙ
Индекс Т3(476)5я43
701 #1 - ИМЯ ЛИЦА - АЛЬТЕРНАТИВНАЯ ОТВЕТСТВЕННОСТЬ
Код отношения Автор
Материалы, к которым относится поле rus
Графика поля Кириллица
Начальный элемент ввода Виноградов
Часть имени, кроме начального элемента ввода В. Н.
Дополнения к именам, кроме дат д-р ист. наук
Даты 1925-
Расширение инициалов личного имени Владлен Николаевич
Идентификатор авторитетной/нормативной записи RU\NLR\auth\776663
Системный номер авторитетной/нормативной записи 116612
701 #1 - ИМЯ ЛИЦА - АЛЬТЕРНАТИВНАЯ ОТВЕТСТВЕННОСТЬ
Код отношения Автор
Материалы, к которым относится поле rus
Графика поля Кириллица
Начальный элемент ввода Макарова
Часть имени, кроме начального элемента ввода И.Ф.
Дополнения к именам, кроме дат канд. ист. наук
Расширение инициалов личного имени Ирина Феликсовна
Идентификатор авторитетной/нормативной записи RU\NLR\auth\7731346
Системный номер авторитетной/нормативной записи 14356
701 #1 - ИМЯ ЛИЦА - АЛЬТЕРНАТИВНАЯ ОТВЕТСТВЕННОСТЬ
Код отношения Автор
Графика поля Кириллица
Материалы, к которым относится поле rus
Начальный элемент ввода Арш
Часть имени, кроме начального элемента ввода Г. Л.
Даты 1925-2017
Расширение инициалов личного имени Григорий Львович
Идентификатор авторитетной/нормативной записи RU\NLR\AUTH\770281151
Системный номер авторитетной/нормативной записи 2653118
712 02 - НАИМЕНОВАНИЕ ОРГАНИЗАЦИИ - ВТОРИЧНАЯ ОТВЕТСТВЕННОСТЬ
Код отношения Прочие
Начальный элемент ввода Институт славяноведения
Идентифицирующий признак Москва
Идентификатор авторитетной/нормативной записи RU\NLR\AUTH\889998985
Системный номер авторитетной/нормативной записи 495381
801 #0 - ИСТОЧНИК ЗАПИСИ
Страна Российская Федерация
Организация NLR
Дата составления 20130516
Правила каталогизации RCR
801 #1 - ИСТОЧНИК ЗАПИСИ
Страна Российская Федерация
Организация NLR
Дата составления 20130516
830 ## - ОБЩЕЕ ПРИМЕЧАНИЕ, СОСТАВЛЕННОЕ КАТАЛОГИЗАТОРОМ
Текст примечания авт. по базе
942 ## - ДОПОЛНИТЕЛЬНЫЕ ЭЛЕМЕНТЫ ЗАПИСИ (АБИС)
Тип экземпляра АБИС Книга
980 ## - КОЛЛЕКЦИЯ
Название коллекции Национальная библиография
Экземпляры
Тип экземпляра Дата поступления Источник поступления Библиотека постоянного хранения Библиотека текущего хранения Место хранения Шифр хранения Штрих-код Статус экземпляра Стоимость
Книга 16.05.2013 Обязательный экземпляр РНБ (Московский) РНБ (Московский) Русский книжный фонд: издания с 1957 года 2013-7/2618 1-2303067    
Книга 16.05.2013 Обязательный экземпляр РНБ (Московский) РНБ (Московский) Русский книжный фонд: издания с 1957 года 2013-7/2618 3885500    
Книга 02.03.2015 Покупка РНБ (Садовая) РНБ (Садовая) Фонд международного книгообмена   1-860100 Готов к отправке заказом МКО 300.00
Книга 26.06.2013 Контрольный экземпляр из типографии РНБ (Фонтанка) РНБ (Фонтанка) Юношеский читальный зал Ю Т3(0)5/И-90 1-178915